[Event "DVM U16 2019"]
[Site "Magdeburg GER"]
[Date "2019.12.27"]
[Round "2"]
[White "Zhang, Guo Hong"]
[Black "Klahold, Rona"]
[Result "0-1"]
[Termination "normal"]
[Board "9.4"]
[WhiteElo "1217"]
[BlackElo "1541"]
[WhiteTeam "Stuttgarter SF 1879"]
[BlackTeam "SK Blauer Springer Paderborn 1926 e. V."]
[PlyCount "98"]
[WhiteFideId "16288890"]
[BlackFideId "16222970"]
[EventCountry "GER"]
[EventRounds "7"]
[EventType "team-swiss"]
[EventDate "2019.12.26"]

1. d4 d5 2. c4 c6 3. Nc3 Bf5 4. Nf3 e6 5. Bg5 Nf6 6. e3 Nbd7 7. c5 h6 8. Bh4 g5
9. Bg3 Nh5 10. Be5 Nxe5 11. Nxe5 Nf6 12. Bd3 Bxd3 13. Qxd3 Bg7 14. O-O Qc7 15.
Ne2 Ne4 16. f3 Bxe5 17. dxe5 Nxc5 18. Qc3 Nd7 19. Ng3 Qxe5 20. Qb3 Nb6 21. Rae1
O-O-O 22. f4 gxf4 23. Rxf4 f5 24. Qa3 Kb8 25. Ne2 Nc4 26. Qc3 Qxe3+ 27. Qxe3
Nxe3 28. Nd4 e5 29. Nxc6+ bxc6 30. Rb4+ Kc7 31. Rxe3 e4 32. Rg3 Rhg8 33. Ra3
Ra8 34. Kf2 Rgb8 35. Rxb8 Kxb8 36. Ke3 Kb7 37. Rb3+ Ka6 38. Kf4 Rf8 39. Ke5 f4
40. Kd6 Rf6+ 41. Ke5 e3 42. Ra3+ Kb7 43. Rb3+ Ka8 44. Kxf6 e2 45. Ke6 e1=Q+ 46.
Kd6 d4 47. Kc7 Qe7+ 48. Kc8 Qe6+ 49. Kc7 Qxb3 0-1

[Event "DVM U16 2019"]
[Site "Magdeburg GER"]
[Date "2019.12.27"]
[Round "2"]
[White "Pikalow, Michael"]
[Black "Klühs, Gustaf"]
[Result "0-1"]
[Termination "normal"]
[Board "10.1"]
[WhiteElo "1849"]
[BlackElo "1865"]
[WhiteTeam "USC Magdeburg"]
[BlackTeam "SC Borussia Lichtenberg"]
[PlyCount "82"]
[WhiteFideId "16227638"]
[BlackFideId "16228936"]
[EventCountry "GER"]
[EventRounds "7"]
[EventType "team-swiss"]
[EventDate "2019.12.26"]

1. e4 c5 2. Nf3 Nc6 3. Nc3 e5 4. Bc4 g6 5. O-O Bg7 6. d3 h6 7. Be3 d6 8. h3
Nge7 9. Qd2 Nd4 10. Nh2 g5 11. Nd5 Ng6 12. c3 Ne6 13. Bb5+ Bd7 14. Bxd7+ Qxd7
15. Ng4 Qd8 16. g3 Nc7 17. Nxc7+ Qxc7 18. a4 Qc8 19. Kg2 h5 20. Nh2 Nf4+ 21.
Bxf4 gxf4 22. Nf3 Bh6 23. Qd1 Rg8 24. Nh4 fxg3 25. fxg3 Qe6 26. Qxh5 Bf4 27.
Rf3 Qb3 28. Raf1 O-O-O 29. R1f2 Rg5 30. Qh7 Rdg8 31. Nf5 Kb8 32. Kh2 Qd1 33.
Qxf7 Rh8 34. h4 Rxf5 35. Qe7 Bxg3+ 36. Kg2 Rxf3 37. Rxf3 Bf4 38. Qxd6+ Ka8 39.
Qg6 Qb3 40. Kh3 Rg8 41. Qh7 Qe6+ 0-1

[Event "DVM U16 2019"]
[Site "Magdeburg GER"]
[Date "2019.12.27"]
[Round "2"]
[White "Kraft, Adrian"]
[Black "Schiffner, Robin"]
[Result "1-0"]
[Termination "normal"]
[Board "10.2"]
[WhiteElo "1715"]
[BlackElo "1377"]
[WhiteTeam "SC Borussia Lichtenberg"]
[BlackTeam "USC Magdeburg"]
[PlyCount "61"]
[WhiteFideId "16235010"]
[BlackFideId "16210328"]
[EventCountry "GER"]
[EventRounds "7"]
[EventType "team-swiss"]
[EventDate "2019.12.26"]

1. c4 Nf6 2. g3 d5 3. cxd5 Nxd5 4. Bg2 e5 5. Nc3 Be6 6. Nf3 Nc6 7. d3 f6 8. O-O
Qd7 9. a3 a5 10. Qc2 O-O-O 11. Bd2 g5 12. b4 axb4 13. Nxd5 Bxd5 14. axb4 Qf7
15. b5 Ne7 16. Rfc1 c6 17. bxc6 Nxc6 18. Qa4 Kd7 19. Qb5 Kd6 20. d4 Be6 21.
Bb4+ Nxb4 22. Qxb4+ Kd7 23. Qxb7+ Kd6 24. Qb6+ Ke7 25. Rc7+ Rd7 26. Ra8 Rxc7
27. Qxc7+ Bd7 28. Qc5+ Ke6 29. Bh3+ f5 30. Bxf5+ Kf6 31. Qxe5# 1-0

[Event "DVM U16 2019"]
[Site "Magdeburg GER"]
[Date "2019.12.27"]
[Round "2"]
[White "Rabenstein, Jonathan"]
[Black "Katzenbach, Linus"]
[Result "0-1"]
[Termination "normal"]
[Board "10.3"]
[WhiteElo "1382"]
[BlackElo "1672"]
[WhiteTeam "USC Magdeburg"]
[BlackTeam "SC Borussia Lichtenberg"]
[PlyCount "82"]
[WhiteFideId "16298462"]
[BlackFideId "16257537"]
[EventCountry "GER"]
[EventRounds "7"]
[EventType "team-swiss"]
[EventDate "2019.12.26"]

1. e4 e5 2. Nf3 Nc6 3. Bc4 Bc5 4. c3 Nf6 5. d4 exd4 6. cxd4 Bb4+ 7. Nc3 Nxe4 8.
O-O Bxc3 9. d5 Ne5 10. bxc3 Nxc4 11. Qd4 Ncd6 12. Qxg7 Qf6 13. Qxf6 Nxf6 14.
Re1+ Kf8 15. Bh6+ Kg8 16. Re5 Nfe4 17. Nd2 f6 18. Re7 Nxd2 19. Bxd2 Nf5 20. Re4
h5 21. Rae1 Kf7 22. h3 h4 23. Rf4 d6 24. Ree4 Bd7 25. c4 Rhg8 26. Bc3 Rg6 27.
Rg4 Rag8 28. Kf1 b5 29. Ref4 a6 30. cxb5 axb5 31. Ba5 Rxg4 32. hxg4 Ne7 33. Rd4
Rxg4 34. Rxg4 Bxg4 35. Bxc7 Nf5 36. f3 Bh5 37. Kf2 Ke7 38. Ke2 Bf7 39. Kd3 Bxd5
40. a3 Bxf3 41. gxf3 h3 0-1

[Event "DVM U16 2019"]
[Site "Magdeburg GER"]
[Date "2019.12.27"]
[Round "2"]
[White "Gillmeister, Gino"]
[Black "Dietz, Maximilian"]
[Result "1-0"]
[Termination "normal"]
[Board "10.4"]
[WhiteElo "1599"]
[BlackElo "1186"]
[WhiteTeam "SC Borussia Lichtenberg"]
[BlackTeam "USC Magdeburg"]
[PlyCount "57"]
[WhiteFideId "16224914"]
[BlackFideId "16298489"]
[EventCountry "GER"]
[EventRounds "7"]
[EventType "team-swiss"]
[EventDate "2019.12.26"]

1. b3 d5 2. Bb2 f6 3. e3 e5 4. d4 Bd6 5. dxe5 fxe5 6. Bxe5 Bxe5 7. Qh5+ Kf8 8.
Qxe5 Nf6 9. Nf3 Nc6 10. Qb2 Kf7 11. c4 Re8 12. cxd5 Nxd5 13. Bc4 Kf8 14. O-O
Bg4 15. Nbd2 Qd6 16. h3 Bh5 17. Nd4 Qe5 18. Qa3+ Kg8 19. N2f3 Bxf3 20. Nxf3 Qf5
21. Rad1 Red8 22. Qc5 Nce7 23. Qxe7 Kh8 24. Qe5 Qxe5 25. Nxe5 Nxe3 26. Rxd8+
Rxd8 27. Nf7+ Kg8 28. Nxd8+ Kf8 29. fxe3+ 1-0